| 000 | 00753nam a2200193 a 4500 | ||
|---|---|---|---|
| 001 | 000041004 | ||
| 005 | 20201002034538.0 | ||
| 008 | 130913s2008 sp abf r 000 0 spa d | ||
| 040 |
_aDO-SdBNP _bspa _cBNPHU |
||
| 082 |
_axxxx _bxxxx |
||
| 245 | 0 | 0 |
_aAmérica : _bcontacto e independencia. / _ceditores, María Cristina Mineiro Scatamacchia, Francisco Enriquez Solano. |
| 260 |
_aMadrid : _bCentro Nacional de Información Geográfica, _c2008. |
||
| 300 |
_a388 p : _bil., map. lam. ; _c31 cm. |
||
| 546 | _aTextos en español, inglés y portugués | ||
| 504 | _aIncluye referencias bibliográficas | ||
| 590 | _aInventariado, 2019/BT | ||
| 700 | 1 |
_aMineiro Scatamacchia, María Cristina, _eed. _967449 |
|
| 700 | 1 |
_aSolano, Francisco Enriquez, _eed. _967450 |
|
| 999 |
_c40494 _d40494 |
||